000 00923nam a2200229Ia 4500
003 GCL
005 20240530095416.0
008 140319s9999 xx 000 0 ara d
020 _a9199049960
040 _aGCL /
_cGCL
082 0 4 _a416 /
_bن و
100 0 _4ابى العباس شهاب الدين احمد بن محمد بن على الاصبحى العنابى الاندلسى
245 1 0 _aالوافى بمعرفة القوافى /
_bابى العباس شهاب الدين احمد بن محمد بن على الاصبحى العنابى الاندلسى
250 _aالاولى
260 _aالرياض :
_bمكتبة الملك فهد الوطنية ،
_c1997
300 _a302 ص ؛
_c24 سم
490 _aسلسلة الرسائل الجامعية
_v( 16 )
650 0 4 _aاللغة العربية
650 0 4 _aالسعودية
650 0 4 _aالعروض والقوافى
942 _2ddc
_cBK
999 _c6956
_d6956